000 00241 a2200109 4500
001 158024
040 _cMagnum
240 1 0 _aCd-rom bh 100 nossa historia
_l
245 1 0 _aCd-rom bh 100 nossa historia
697 _aMORAL E CIVICA
942 _cBK
999 _c158024
_d158024